Znalosti o podnikateľských stratégiách v startupoch

Teoretické východiská o podnikateľskej stratégii. Startupy a podnikateľské stratégie. Stratégie ako reakcie podnikov na environmentálne neistoty a trhové príležitosti. Kooperatívno-konkurenčná stratégia. Výsledky prieskumu zameraného na podnikateľské stratégie v startupoch na Slovensku. Faktorová an...

ver descrição completa

Na minha lista:
Detalhes bibliográficos
Autor principal: Mišúnová Hudáková, Ivana, 1976-
Formato: Capítulo de Livro
Idioma:eslovaco
Assuntos:
Tags: Adicionar Tag
Sem tags, seja o primeiro a adicionar uma tag!

MARC

LEADER 00000naa$a2200000$$$4500
001 0259547
005 20240502083739.6
041 0 |a slo 
044 |a CZ 
245 1 0 |a Znalosti o podnikateľských stratégiách v startupoch  |c Ivana Mišúnová Hudáková 
520 |a Teoretické východiská o podnikateľskej stratégii. Startupy a podnikateľské stratégie. Stratégie ako reakcie podnikov na environmentálne neistoty a trhové príležitosti. Kooperatívno-konkurenčná stratégia. Výsledky prieskumu zameraného na podnikateľské stratégie v startupoch na Slovensku. Faktorová analýza pri hodnotení podnikateľskej stratégie v slovenských startupoch. 
610 2 0 |a podnikanie 
610 2 0 |a stratégia podnikateľská 
610 2 0 |a start-up 
610 2 0 |a inovácia 
610 2 0 |a flexibilita 
610 2 0 |a prieskum 
100 1 |a Mišúnová Hudáková, Ivana, 1976-